[Event "AUT-chT 1213"]
[Site "Austria"]
[Date "2012.11.03"]
[Round "2.5"]
[White "Siebrecht, Sebastian"]
[Black "Ennsberger, Ulrich"]
[Result "1-0"]
[WhiteElo "2481"]
[BlackElo "2368"]
[PlyCount "91"]
[EventDate "2012.11.02"]
[EventType "team-tourn"]
[EventRounds "11"]
[EventCountry "AUT"]
[SourceTitle "EXT 2013"]
[Source "ChessBase"]
[SourceDate "2012.11.22"]
[SourceVersion "1"]
[SourceVersionDate "2012.11.22"]
[SourceQuality "1"]
[WhiteTeam "Baden Invest"]
[BlackTeam "Ansfelden"]
[WhiteTeamCountry "AUT"]
[BlackTeamCountry "AUT"]

1. d4 Nf6 2. c4 c5 3. d5 b5 4. cxb5 a6 5. bxa6 Bxa6 6. Nc3 d6 7. g3 g6 8. Bg2 Bg7 9. Rb1 Nbd7 10. Nf3 0-0 11. 0-0 Ra7 12. Re1 Qa8 13. b3 Rb8 14. Bb2 Rab7 15. Ba1 Qa7 16. h3 Nb6 17. Qd2 Nfd7 18. Ne4 Nc4 19. Qc1 Nce5 20. Nxe5 Nxe5 21. Bc3 Nd7 22. Bxg7 Kxg7 23. Qc3+ Kg8 24. h4 h5 25. Bh3 Rb4 26. Ng5 Rd4 27. Nxf7 Kxf7 28. Be6+ Kf8 29. e3 Ne5 30. exd4 cxd4 31. Qc1 Kg7 32. Rxe5 dxe5 33. Qg5 Rf8 34. Qxe5+ Kh7 35. Rd1 d3 36. Rd2 Qc5 37. Kg2 Qc1 38. Qg5 Rf6 39. Qe3 Qc3 40. f3 Kg7 41. Rf2 Qb4 42. Kh3 Qc3 43. Qa7 Qa1 44. Qxe7+ Kh6 45. Kg2 d2 46. Bg8 1-0

[Event "AUT-chT2M 1112"]
[Site "Austria"]
[Date "2012.04.29"]
[Round "11.5"]
[White "Ennsberger, Ulrich"]
[Black "Steiner, Stefan"]
[Result "1-0"]
[WhiteElo "2373"]
[BlackElo "2272"]
[PlyCount "59"]
[EventDate "2011.10.21"]
[EventType "team-tourn"]
[EventRounds "11"]
[EventCountry "AUT"]
[SourceTitle "EXT 2013"]
[Source "ChessBase"]
[SourceDate "2012.11.22"]
[SourceVersion "1"]
[SourceVersionDate "2012.11.22"]
[SourceQuality "1"]
[WhiteTeam "Ansfelden"]
[BlackTeam "Graz Strassenbahn"]
[WhiteTeamCountry "AUT"]
[BlackTeamCountry "AUT"]

1. c4 Nf6 2. g3 c5 3. Bg2 e6 4. Nf3 Be7 5. 0-0 0-0 6. d4 cxd4 7. Nxd4 a6 8. e4 d6 9. Nc3 Qc7 10. b3 Nbd7 11. Bb2 Rd8 12. Qe2 Ne8 13. Rad1 Bf6 14. f4 g6 15. Kh1 Bg7 16. Rd2 Rb8 17. Rfd1 b6 18. e5 dxe5 19. Nc6 exf4 20. Nxd8 Qxd8 21. gxf4 Qc7 22. Nd5 Qc5 23. Bxg7 Kxg7 24. Nc3 Nef6 25. Ne4 Nxe4 26. Qxe4 Qc7 27. Rxd7 Bxd7 28. Qd4+ Kg8 29. Qxd7 Qxf4 30. Rf1 1-0

[Event "AUT-chT2M 1112"]
[Site "Austria"]
[Date "2012.03.03"]
[Round "8.5"]
[White "Ennsberger, Ulrich"]
[Black "Titz, Heimo"]
[Result "1-0"]
[WhiteElo "2373"]
[BlackElo "2202"]
[PlyCount "69"]
[EventDate "2011.10.21"]
[EventType "team-tourn"]
[EventRounds "11"]
[EventCountry "AUT"]
[SourceTitle "EXT 2013"]
[Source "ChessBase"]
[SourceDate "2012.11.22"]
[SourceVersion "1"]
[SourceVersionDate "2012.11.22"]
[SourceQuality "1"]
[WhiteTeam "Ansfelden"]
[BlackTeam "Die Klagenfurter"]
[WhiteTeamCountry "AUT"]
[BlackTeamCountry "AUT"]

1. e4 c5 2. Nf3 e6 3. d3 Nc6 4. g3 Nf6 5. Bg2 d5 6. Nbd2 Be7 7. 0-0 0-0 8. Re1 dxe4 9. dxe4 b6 10. c3 Bb7 11. Qa4 e5 12. Nc4 Qc7 13. Bg5 a6 14. Bxf6 Bxf6 15. Ne3 Ne7 16. Ng4 Bc8 17. Nxf6+ gxf6 18. Nh4 b5 19. Qd1 Ra7 20. Qf3 Qb6 21. Rad1 Rd7 22. Rxd7 Bxd7 23. Rd1 Qc6 24. Rd2 Rc8 25. Qd1 Be6 26. Nf5 Bxf5 27. exf5 Qe8 28. Be4 h6 29. Rd6 Kf8 30. Rxf6 Ng8 31. Rxa6 Qe7 32. Qd6 Qxd6 33. Rxd6 Ke7 34. Rb6 Nf6 35. f3 1-0

[Event "Donau op 20th"]
[Site "Aschach"]
[Date "2011.12.31"]
[Round "7"]
[White "Ennsberger, Ulrich"]
[Black "Mayerhofer, Peter"]
[Result "1/2-1/2"]
[WhiteElo "2373"]
[BlackElo "2244"]
[PlyCount "124"]
[EventDate "2011.12.26"]
[EventType "swiss"]
[EventRounds "7"]
[EventCountry "AUT"]
[SourceTitle "CBM 146 Extra"]
[Source "ChessBase"]
[SourceDate "2012.02.29"]
[SourceVersion "1"]
[SourceVersionDate "2012.02.29"]
[SourceQuality "1"]

1. e4 c5 2. Nf3 e6 3. c3 Nf6 4. e5 Nd5 5. d4 cxd4 6. cxd4 d6 7. Bc4 Nc6 8. 0-0 Be7 9. Qe2 Nb6 10. Bb5 0-0 11. Nc3 Qc7 12. Re1 Nd5 13. Qe4 dxe5 14. dxe5 Rd8 15. h4 a6 16. Bd3 g6 17. h5 f5 18. exf6 Nxf6 19. Qe2 Nxh5 20. Bc4 Kg7 21. Bxe6 Bxe6 22. Qxe6 Bc5 23. Bg5 Rf8 24. Ne4 Bb4 25. Red1 Rf7 26. a3 Bf8 27. Bd2 Kh8 28. Nfg5 Re7 29. Qh3 Rae8 30. Bc3+ Bg7 31. Bxg7+ Rxg7 32. Ne6 Nf4 33. Nxf4 Qxf4 34. Nc3 Rf7 35. Qg3 Qxg3 36. fxg3 Kg7 37. Rd5 Ne5 38. Rf1 Rfe7 39. Rf4 h5 40. Re4 Ng4 41. Rdd4 Nf6 42. Rxe7+ Rxe7 43. a4 Ng4 44. Kf1 Ne3+ 45. Kf2 Ng4+ 46. Kf3 Ne5+ 47. Kf4 Nc6 48. Rd5 Nb4 49. Rd6 Nc6 50. Nd5 Rf7+ 51. Ke3 Ne7 52. Nxe7 Rxe7+ 53. Kd3 Kh6 54. b4 Kg5 55. Rb6 Kf5 56. Kd4 g5 57. Kd5 Rd7+ 58. Kc5 Kg4 59. Rg6 Rd2 60. Rb6 Rd7 61. Rg6 Rd2 62. Rb6 Rd7 1/2-1/2